Population resources environment : Issues in human ecology (Record no. 1371566)

MARC details
000 -LEADER
fixed length control field 00606nam a2200205Ia 4500
005 - DATE AND TIME OF LATEST TRANSACTION
control field 20250508161704.0
008 - FIXED-LENGTH DATA ELEMENTS--GENERAL INFORMATION
fixed length control field 008 250505s9999 xx 000 0 eng d
037 ## - SOURCE OF ACQUISITION
Stock number Textual
040 ## - CATALOGING SOURCE
Original cataloging agency FEDL
Language of cataloging eng
Transcribing agency FEDL
041 ## - LANGUAGE CODE
Language code of text/sound track or separate title eng
Source of code eng
084 ## - COLON CLASSIFICATION NUMBER
Classification number 304.2, EHR
Assigning agency FEDL
100 ## - MAIN ENTRY--PERSONAL NAME
Personal name Ehrlich Paul R.
245 #0 - TITLE STATEMENT
Title Population resources environment : Issues in human ecology
260 ## - PUBLICATION, DISTRIBUTION, ETC.
Place of publication, distribution, etc. San Francisco
Name of publisher, distributor, etc. W. H. Freeman and Company
Date of publication, distribution, etc. 1970
300 ## - PHYSICAL DESCRIPTION
Extent 383p.
490 ## - SERIES STATEMENT
Series statement A of books in biology
700 ## - ADDED ENTRY--PERSONAL NAME
Personal name Rhrich Anne H.
9 (RLIN) 771349
942 ## - ADDED ENTRY ELEMENTS (KOHA)
Koha item type Textual
Classification part 304.2, EHR
Holdings
Withdrawn status Lost status Damaged status Not for loan Home library Current library Date acquired Total Checkouts Full call number Barcode Date last seen Price effective from Koha item type
        Department of Education Library Department of Education Library 2025-05-08   304.2, EHR EL0059579 2025-05-08 2025-05-08 Textual
Copyright @ Delhi University Library System